000 00559nam a2200193Ia 4500
005 20250508160741.0
008 008 250505s9999 xx 000 0 hin d
020 _a9-780312-239329
037 _aBooks to be hide in OPAC
040 _aFEDL
_beng
_cFEDL
041 _ahin
_2eng
084 _a301.15, KUP
_qFEDL
100 _aKupuswami B
_9769286
245 0 _aSamaj manovigyan: Ek paricya
260 _aChandigarh, India
_bHaryana Hindi Granth Acadmi
_c1972
300 _axix,206p.
942 _cHB
_h301.15, KUP
999 _c1366402
_d1366402